| 000 | 00000nam 2200000zi 4500 |
| 001 | 9.919190 |
| 003 | CaOODSP |
| 005 | 20240130111846 |
| 006 | m o d f |
| 007 | cr ||||||||||| |
| 008 | 230116e20210602qucad obs f000 0 fre d |
| 020 | |a9780660471068 |
| 040 | |aCaOODSP|bfre|erda|cCaOODSP |
| 043 | |an-cn--- |
| 086 | 1 |aCH44-176/2023F-PDF |
| 245 | 00|aÉtude de 2021 concernant l'incidence économique de la diffusion de musique en continu sur l'industrie de la musique au Canada. |
| 264 | 1|a[Gatineau, QC] : |bPatrimoine canadien = Canadian Heritage, |c2 juin 2021. |
| 264 | 4|c©2021 |
| 300 | |a1 ressource en ligne (139 pages) : |billustrations, graphiques |
| 336 | |atexte|btxt|2rdacontent/fre |
| 337 | |ainformatique|bc|2rdamedia/fre |
| 338 | |aressource en ligne|bcr|2rdacarrier/fre |
| 500 | |aPublié aussi en anglais sous le titre : 2021 study of the economic impacts of music streaming on the Canadian music industry. |
| 504 | |aComprend des références bibliographiques (pages 128-138). |
| 520 | |a« La présente étude porte sur l’incidence des services de diffusion de musique en continu sur les créateurs de musique du Canada » -- Résumé, page 9. |
| 650 | 6|aMusique et Internet|xAspect économique|zCanada. |
| 650 | 6|aAudio en continu|xAspect économique|zCanada. |
| 650 | 6|aAudio en continu|vStatistiques. |
| 650 | 6|aMusique|xIndustrie|zCanada|vStatistiques. |
| 655 | 7|aStatistiques|2rvmgf |
| 710 | 1 |aCanada. |bPatrimoine canadien, |eorganisme de publication. |
| 775 | 08|t2021 study of the economic impacts of music streaming on the Canadian music industry.|w(CaOODSP)9.919189 |
| 856 | 40|qPDF|s1.85 Mo|uhttps://publications.gc.ca/collections/collection_2024/pch/CH44-176-2023-fra.pdf |
| 856 | 4 |qHTML|sS.O.|uhttps://www.canada.ca/fr/patrimoine-canadien/organisation/transparence/gouvernement-ouvert/incidence-economique-diffusion-musique.html |